000 00815nam-a2200217-a-4500
001 YSU0170860
003 AM-YeHGA
005 20250617162340.0
008 991206s1937 xxu 000 0 rus u
040 _aAM-YeHGA
245 1 0 _aТакоб :
_bМесторождение плавикого шпата /
_cС.З. Шифрин и др.
260 0 _aЛ.,
_aМосква :
_bАН СССР ,
_c1937.
300 _a396 с.
440 0 _aТруды Таджикско-Памирской экспедиции (ТПЭ) : Серия ведущих месторождений
_vВып. 75
650 4 _aГеология. Общие работы
700 1 _aГецева, Р.В.
700 1 _aГуляева, А.В.
700 1 _aКопелиович, А.В.
700 1 _aЭйгелес, М.А.
090 _c491256
999 _c487887
_d487887